¿Qué sabemos los costarricenses del TLC? Sondeo Telefónico. Resumen de prensa /

El documento contiene un resumen de los resultados del sondeo de opinión pública realizado por el Instituto de Investigaciones Sociales de la Universidad de Costa Rica, acerca del conocimiento que la población costarricense tiene acerca del Tratado de Libre Comercio entre Centroamérica y Estados Uni...

Descrizione completa

Salvato in:
Dettagli Bibliografici
Autore principale: Fournier Facio, Marco Vinicio
Ente Autore: Universidad de Costa Rica. Facultad de Ciencias Sociales. Instituto de Investigaciones Sociales
Altri autori: Sandoval García, Carlos, Raventós Vorst, Ciska, Gutiérrez Espeleta, Ana Lucía
Natura: testo
Lingua:Spanish
Pubblicazione: Universidad de Costa Rica Instituto de Investigaciones Sociales (IIS) [2004]
Soggetti:
Tags: Aggiungi Tag
Nessun Tag, puoi essere il primo ad aggiungerne!!

MARC

LEADER 00000 a a2200000 04500
001 31476
003 cru CRAI/IIS
005 20220301115114.0
008 210528b2004 cr ||||| |||| 00| 0 spa d
020 |a [sin ISBN] 
040 |a CRAI-IIS  |b SPA  |c CRAI-IIS 
082 |a 19795.00  
090 |a 09.05.08 F778s 
100 |a Fournier Facio, Marco Vinicio  
110 |a Universidad de Costa Rica. Facultad de Ciencias Sociales. Instituto de Investigaciones Sociales  
245 |a ¿Qué sabemos los costarricenses del TLC?  |b Sondeo Telefónico. Resumen de prensa /   |c Marco Vinicio Fournier Facio 
260 3 |a Universidad de Costa Rica  |b Instituto de Investigaciones Sociales (IIS)  |c [2004] 
300 |a 10 páginas 
500 |a Incluye cuestionario  
500 |a Colección Centroamérica 
520 |a El documento contiene un resumen de los resultados del sondeo de opinión pública realizado por el Instituto de Investigaciones Sociales de la Universidad de Costa Rica, acerca del conocimiento que la población costarricense tiene acerca del Tratado de Libre Comercio entre Centroamérica y Estados Unidos (TLC), y los temas de negociación que éste incluye. Este sondeo se realizó durante el mes de diciembre del año 2004. Como conclusión general se destaca que la sociedad costarricense tiene escasa información sobre el tratado, lo cual impide formarse una opinión y manifestarse frente al tema. Se señala que esta tendencia se acentúa entre las mujeres, en especial entre las amas de casa, los jóvenes y las personas de bajo nivel educativo  
650 |a TLC   |0 TESAUROS 
650 |a ENCUESTAS   |0 TESAUROS 
650 |a CONOCIMIENTO   |0 TESAUROS 
650 |a ENCUESTAS DE OPINION PUBLICA   |0 TESAUROS 
650 |a ACCESO A LA INFORMACION   |0 TESAUROS 
650 |a MEDIOS DE COMUNICACION   |0 TESAUROS 
650 |a DIFUSION DE LA INFORMACION   |0 TESAUROS 
650 |a RESUMENES ANALITICOS   |0 TESAUROS 
650 |a IIS   |0 TESAUROS 
700 |a Sandoval García, Carlos  
700 |a Raventós Vorst, Ciska  
700 |a Gutiérrez Espeleta, Ana Lucía  
852 1 1 |a 09.05.08 F778s 
942 |2 ddc  |c LI  |h 09.05.08 F778s  |k 09.05.08  |m  F778s  |6 090508_F778S 
999 |c 14987  |d 14987